| 000 | 00823nam a2200253Ia 4500 | ||
|---|---|---|---|
| 003 | OSt | ||
| 005 | 20220926033935.0 | ||
| 006 | a|||||r|||| 00| 0 | ||
| 007 | ta | ||
| 008 | 220923b |||||||| |||| 00| 0 eng d | ||
| 020 | _a0844731005 | ||
| 037 | _cGeneral Book | ||
| 040 |
_aRTL _cRTL _beng |
||
| 041 |
_2eng _aeng |
||
| 082 | _aX726.73.N7, L3 | ||
| 100 |
_aWagner Richard E _9275909 |
||
| 245 | 0 |
_aDath and taxes _b Some prespectives on inheritance, |
|
| 260 |
_aWahington _bAmerican Enterprise Institute for Public Policy Research _c1973 |
||
| 300 |
_aAppendix p 53-63 _ccm. |
||
| 490 | _aAmerican Enterprise Institute For public Policy Research, Domestic Affairs Studies | ||
| 650 | _aInheritance | ||
| 942 |
_hX726.73.N7, L3 _cGB _2CC |
||
| 999 |
_c658379 _d658379 |
||